Computer graphics: using OpenGL (Record no. 26934)

000 -LEADER
fixed length control field 00372nam a2200133Ia 4500
008 - FIXED-LENGTH DATA ELEMENTS--GENERAL INFORMATION
fixed length control field 230801s9999||||xx |||||||||||||| ||und||
020 ## - INTERNATIONAL STANDARD BOOK NUMBER
International Standard Book Number 9788120338296
082 ## - DEWEY DECIMAL CLASSIFICATION NUMBER
Classification number 006.6
Item number H6451
100 ## - MAIN ENTRY--PERSONAL NAME
Personal name Hill, Francis S. & Kelley, Stephen M
245 #0 - TITLE STATEMENT
Title Computer graphics: using OpenGL
260 ## - PUBLICATION, DISTRIBUTION, ETC.
Place of publication, distribution, etc. New Delhi
Name of publisher, distributor, etc. PHI Learning Pvt Ltd.
Date of publication, distribution, etc. 2012
300 ## - PHYSICAL DESCRIPTION
Extent xxii, 778 p.
942 ## - ADDED ENTRY ELEMENTS (KOHA)
Koha item type Books
Holdings
Withdrawn status Lost status Damaged status Not for loan Permanent Location Current Location Date acquired Source of acquisition Full call number Barcode Date last seen Price effective from Koha item type
        IMU Kolkata IMU Kolkata 2023-08-01 Gifted by Shailendra S Kathait (6049) 006.6 H6451 G01008 2023-08-01 2023-08-01 Books
Designed and Maintained by IMU-KC Library, Kolkata Campus © Copyright All Rights Reserved

webs counters

Powered by Koha